| 000 | 01585cam a2200241 4500 | ||
|---|---|---|---|
| 001 | ABS65675 | ||
| 008 | 020726n2002 000 0 eng u | ||
| 035 | _a(Sirsi) u119062 | ||
| 100 | _aLeask, E | ||
| 245 | 2 | _aA false dawn? | |
| 260 | _c2002 | ||
| 490 |
_aBuilding Services Journal _vJuly 2002, 21(1) |
||
| 520 | _aLooks at the Contracts (Right of Third Parties) Act 1999 and considers why the construction industry has largely ignored it. The Act was introduced to eliminate the need for warranty agreements, saving the industry both time and expense. Suggests that the Act has not been embraced for a number of reasons: almost all standard forms of contract automatically exclude the operation of the Act; warranty agreements have become a familiar part of construction contracts and there are now less areas of conflict; beneficiaries of warranty agreements gain reassurance from having their own document; there is no evidence that rights acquired under the Act would be any different to those under a warranty agreement; certain provisions of warranty agreements are generally accepted; and variations under the Act are more complicated. Concludes that a combination of these factors has prompted the continuing use of warranty agreements. | ||
| 590 | _aABS | ||
| 650 | _aTHIRD PARTY RIGHTS | ||
| 650 | _aWARRANTY AGREEMENTS | ||
| 650 | _aCONTRACTS (RIGHTS OF THIRD PARTIES) ACT 1999 | ||
| 650 | _aCONSTRUCTION INDUSTRY | ||
| 650 | _aBENEFICIARIES | ||
| 650 | _aSTANDARD FORM OF CONTRACT | ||
| 690 | _aBUILT ENVIRONMENT-BUILDING CONTRACT FORMS | ||
| 942 | _n0 | ||
| 999 |
_c70828 _d70828 |
||